| 000 | 00602nam a22001937a 4500 | ||
|---|---|---|---|
| 003 | OSt | ||
| 005 | 20260313010009.0 | ||
| 008 | 260313b |||||||| |||| 00| 0 eng d | ||
| 020 | _a971-554-076-7 | ||
| 040 |
_aDWCL Main lib _cOC |
||
| 082 |
_23rd edition _aFil. 658 V714m 1999 |
||
| 100 | _aVillegas, Bernardo M. | ||
| 245 |
_aManagerial economics : _btext and case studies _cBernardo M. Villegas |
||
| 250 | _a3rd edition | ||
| 260 |
_bSinag-tala publishers, inc., manila, _cc1999. |
||
| 300 |
_aviii, 479 p. ; _c22 cm. |
||
| 504 | _aincludes index. | ||
| 942 |
_2ddc _cBK - FIL _e3rd edition _kFil. _n0 |
||
| 999 |
_c9076 _d9076 |
||